000 01321nam a2200217Ia 4500
003 Ost
005 20260507075015.0
008 260507s9999||||xx |||||||||||||| ||und||
040 _cfsecg
041 _aara
082 _a658.404
100 _aصادي، سعد
_eمؤلف
245 0 _aإدارة المشروعات /
_c سعد صادي
246 _aPROJECT MANAGEMENT
260 _aالإسكندرية:
_bالدار الجامعية,
_c2003
300 _a462 صفحة؛
_bإيضاحات ؛
_c24 سم
520 _aأسس نجاح المشروع-دراسة جدوى المشروع-تمويل المشروع-تخطيط أرباح المشروع-ضبط توقيت تنفيذ المشروع-إدارة تنفيذ المشروع باستخدام الكمبيوتر-تقييم ومراجعة تنفيذ المشروع-استخدام الكمبيوتر في تقييم ومراجعة المشروع-تقدير احتياجات المشروع من العمالة-تخفيض وقت تنفيذ المشروع-الرقابة على تكاليف المشروع-الجودة-رسم شبكات أعمال تنفيذ المشروع بإستخدام الكمبيوتر- الإستشارات الإدارية
653 _aالمشروعات-تنظيم و ادارة
653 _aدراسة الجدوى
942 _cكتاب
999 _c42200
_d42200